Wimax di động : phân tích, so sánh với các công nghệ 3G /

Spremljeno u:
Bibliografski detalji
Glavni autor: Lê Thanh Dũng, TS
Format: Knjiga
Jezik:Vietnamese
Izdano: Bưu điện 2007
Oznake: Dodaj oznaku
Bez oznaka, Budi prvi tko označuje ovaj zapis!
Thư viện lưu trữ: Mạng thư viện Đại học Đà Nẵng
LEADER 00675nam a2200265 4500
001 000027669
003 LÊ-DĐ
005 20150403120000.0
008 150403s vm 000 vie
020 |c 0,0000 
040 |a notts 
100 |a Lê Thanh Dũng, TS 
245 |a Wimax di động : phân tích, so sánh với các công nghệ 3G /  |c Lê Thanh Dũng, Lâm Văn Đà. 
260 |b Bưu điện  |c 2007 
OWN |a LTT 
999 |a From the UDN01 
TYP |a Monograph 
TYP |a Printed language 
980 |a Mạng thư viện Đại học Đà Nẵng